Statistics for Non Recognized Countries of the World

Click here to take the quiz!

General Stats

  • This quiz has been taken 185 times
  • The average score is 32 of 89

Answer Stats

OwnerTerritory% Correct
FranceFrench Guiana
80%
DenmarkGreenland
77%
NetherlandsAruba
73%
USGuam
72%
UKFalkland Islands
69%
DenmarkFaroe Islands
66%
FranceFrench Polynesia
66%
ChinaHong Kong
64%
UKIsle of Man
64%
AustraliaChristmas Island
63%
NetherlandsCuracao
63%
USPuerto Rico
63%
UKBailiwick of Jersey
59%
New ZealandCook Islands
59%
ChinaMacau
59%
CyprusNorthern Cyprus
59%
USUS Virgin Islands
59%
MoldovaTransnistria
55%
UKBailiwick of Guernsey
53%
USAmerican Samoa
52%
USNorthern Mariana Islands
52%
GeorgiaSouth Ossetia
52%
FranceNew Caledonia
50%
New ZealandNiue
50%
FranceReunion
50%
NorwaySvalbard and Jan Mayen
50%
GeorgiaAbkhazia
48%
UKBermuda
48%
FranceGuadeloupe
48%
UKMontserrat
48%
FranceSaint Marten
48%
MoroccoWestern Sahara
48%
NetherlandsBonaire
47%
UKBritish Virgin Islands
47%
UKAnguilla
44%
FranceMartinique
44%
IndependentSomaliland
44%
IndependentPalestine
42%
UKCayman Islands
41%
AustraliaCocos (Keeling) Island
41%
FranceMayotte
41%
UKPitcairn Islands
39%
New ZealandTokelau
39%
AustraliaNorfolk Island
38%
UKSaint Helena
38%
FinlandÅland
36%
NetherlandsSint Maarten
36%
IndependentKosovo
34%
IndependentTaiwan
34%
FranceWallis and Futuna
34%
FranceSaint Barthelemy
33%
SpainCanary Islands
30%
FranceSaint Pierre and Miquelon
30%
ChileEaster Island
28%
UKTurks and Caicos Islands
28%
UKSouth Georgia and the South Sandwich Islands
25%
SpainCeuta
23%
SpainMelilla
23%
AzerbaijanArtsakh
22%
UKBritish Indian Ocean Territory
22%
NetherlandsSaba
22%
PortugalMadeira
19%
NetherlandsSint Eustatius
19%
YemenSocotra Archipelago
17%
UKTristan da Cunha
17%
IndependentVatican City
17%
UKAkrotiri and Dhekelia
16%
UKBritish Antarctic Territory
16%
UKAscension Island
14%
USBaker Island
13%
AustraliaHeard Island and McDonald Islands
13%
USWake Island
13%
FranceFrench Southern and Antarctic Lands
11%
USJarvis Island
11%
USMidway Atoll
11%
USHowland Island
9%
USJohnston Atoll
9%
IndonesiaWest Papua
9%
AustraliaAustralian Antarctic Territory
8%
New ZealandRoss Dependency
8%
AustraliaAshmore and Cartier Islands
6%
NorwayBouvet Islands
6%
FranceClipperton Island
6%
AustraliaCoral Sea Islands
6%
VenezuelaFederal Dependencies of Venezuela
6%
USKingman Reef
6%
USNavassa Island
6%
USPalmyra Atoll
6%
SpainPlazas de Soberania
6%

Score Distribution

Percentile by Number Answered

Percent of People with Each Score

Your Score History

You have not taken this quiz